[Event "British Rapidplay"]
[Site "Peterborough"]
[Date "2025.03.02"]
[Round "11.40"]
[White "Hutchinson, Paul A"]
[Black "Kennedy, Aden"]
[Result "1-0"]
[WhiteElo "2054"]
[BlackElo "1913"]
[PlyCount "193"]
[EventDate "2025.03.01"]
[EventType "swiss (rapid)"]
[EventRounds "11"]
[EventCountry "ENG"]
[SourceTitle "BritBase"]
[Source "John Saunders"]
[SourceDate "2025.03.03"]
[SourceVersion "1"]
[SourceVersionDate "2025.03.03"]
[SourceQuality "2"]

1. d4 Nf6 2. Bf4 g6 3. c4 Bg7 4. Nc3 d5 5. e3 O-O 6. Be2 c6 7. Nf3 Bg4 8. h3 Bxf3 9. Bxf3 dxc4 10. Qe2 b5 11. Nxb5 Nbd7 12. Bxc6 Rc8 13. Bb7 Qa5+ 14. Nc3 Rcd8 15. Qxc4 Qf5 16. O-O Nb6 17. Qe2 h5 18. Bh2 Rd7 19. Bf3 Rc8 20. Rfd1 Nc4 21. Rac1 Na5 22. e4 Qg5 23. e5 Ne8 24. Rc2 Nc7 25. Ne4 Qf5 26. Nc5 Rdd8 27. Be4 Qg5 28. Qf3 Nb5 29. Bf4 Qh4 30. Rcd2 Nc4 31. Rd3 Nxb2 32. Qe3 Nxd1 33. Rxd1 Nc3 34. Rd3 Nxe4 35. Nxe4 e6 36. Bg5 Bh6 37. Bxh4 Bxe3 38. Bxd8 Bf4 39. g3 Rxd8 40. gxf4 Kg7 41. Nd6 Rb8 42. Rb3 Rd8 43. Rb7 Kg8 44. Kg2 a5 45. Kf3 f6 46. Ke3 fxe5 47. fxe5 Rf8 48. Ne4 Rc8 49. Nf6+ Kf8 50. Nd7+ Kg8 51. Nc5 Rc6 52. Ra7 Rb6 53. Rxa5 Rb2 54. Nxe6 Rc2 55. Nf4 g5 56. Nxh5 Rc3+ 57. Ke4 Rxh3 58. Nf6+ Kf7 59. Ng4 Rh4 60. f3 Kg6 61. Ra6+ Kg7 62. d5 Rh1 63. d6 Rd1 64. Ne3 Rd2 65. e6 Kf6 66. Ng4+ Kxe6 67. Ne3 Rb2 68. Nc4 Re2+ 69. Kd4 Rf2 70. Ra3 Rf1 71. Re3+ Kd7 72. Re7+ Kd8 73. Rf7 g4 74. Ne3 Rf2 75. Nxg4 Rxa2 76. Kd5 Rd2+ 77. Ke6 Re2+ 78. Ne5 Ke8 79. d7+ Kd8 80. Rf8+ Kc7 81. d8=Q+ Kb7 82. Rf7+ Ka6 83. Qa8+ Kb5 84. Rb7+ Kc5 85. Qc8+ Kd4 86. Rb4+ Ke3 87. Qc5+ Kd2 88. Rb2+ Kd1 89. Qg1+ Re1 90. Rb1+ Kc2 91. Rxe1 Kc3 92. Qc5+ Kd2 93. Re4 Kd1 94. Qd5+ Kc2 95. Rc4+ Kb3 96. Qb5+ Ka3 97. Ra4# 1-0

[Event "British Rapidplay"]
[Site "Peterborough"]
[Date "2025.03.02"]
[Round "11.41"]
[White "De Sousa Muachikape, Jael"]
[Black "Norris, Zack"]
[Result "1-0"]
[WhiteElo "1855"]
[BlackElo "1929"]
[PlyCount "167"]
[EventDate "2025.03.01"]
[EventType "swiss (rapid)"]
[EventRounds "11"]
[EventCountry "ENG"]
[SourceTitle "BritBase"]
[Source "John Saunders"]
[SourceDate "2025.03.03"]
[SourceVersion "1"]
[SourceVersionDate "2025.03.03"]
[SourceQuality "2"]

1. c4 c5 2. Nf3 Nc6 3. Nc3 g6 4. e3 Bg7 5. d4 d6 6. Be2 Nf6 7. O-O O-O 8. d5 Nb8 9. e4 Re8 10. Re1 Bg4 11. h3 Bxf3 12. Bxf3 Nbd7 13. g3 Ne5 14. Be2 Qc8 15. Kg2 e6 16. f4 Ned7 17. dxe6 Rxe6 18. Bf3 Nb6 19. Qb3 Re8 20. Nb5 Qd7 21. Qd3 Rad8 22. Bd2 a6 23. Ba5 axb5 24. Bxb6 bxc4 25. Qxc4 Ra8 26. a4 h5 27. e5 dxe5 28. fxe5 Nh7 29. e6 Rxe6 30. Rxe6 fxe6 31. Rd1 Qf7 32. Qxc5 Rf8 33. Qe3 Bh6 34. Qe2 Ng5 35. Rf1 Qg7 36. h4 Nxf3 37. Rxf3 Re8 38. Qb5 Rc8 39. Rf2 Rc6 40. Bd8 Qd4 41. Qxb7 Qd5+ 42. Kh2 e5 43. Qe7 Qe6 44. Qxe6+ Rxe6 45. Rf6 Re8 46. Rxg6+ Kh7 47. Rd6 e4 48. Bg5 Bg7 49. Rd2 e3 50. Re2 Bd4 51. Kg2 Kg6 52. Kf3 Rf8+ 53. Bf4 Ra8 54. b3 Rf8 55. Ke4 Ba7 56. Bxe3 Re8+ 57. Kf3 Bb8 58. b4 Rc8 59. Bc5 Kf5 60. a5 Rg8 61. Bf2 Rc8 62. b5 Rc3+ 63. Re3 Rc2 64. Rb3 Ra2 65. a6 Ke5 66. a7 Bxa7 67. Bxa7 Rxa7 68. b6 Rb7 69. Rb5+ Kf6 70. Rxh5 Kg7 71. Rb5 Rf7+ 72. Ke4 Rb7 73. Kd5 Kg6 74. Kc6 Rb8 75. b7 Rh8 76. b8=Q Rxb8 77. Rxb8 Kh7 78. Kd6 Kg7 79. Ke6 Kg6 80. g4 Kg7 81. h5 Kh6 82. Kf6 Kh7 83. h6 Kxh6 84. Rh8# 1-0

[Event "British Rapidplay"]
[Site "Peterborough"]
[Date "2025.03.02"]
[Round "11.42"]
[White "Ganti, Shriaansh"]
[Black "Davies, Peter L"]
[Result "1-0"]
[WhiteElo "1980"]
[BlackElo "1895"]
[PlyCount "63"]
[EventDate "2025.03.01"]
[EventType "swiss (rapid)"]
[EventRounds "11"]
[EventCountry "ENG"]
[SourceTitle "BritBase"]
[Source "John Saunders"]
[SourceDate "2025.03.03"]
[SourceVersion "1"]
[SourceVersionDate "2025.03.03"]
[SourceQuality "2"]

1. d4 Nf6 2. c4 e6 3. g3 c5 4. d5 g6 5. Bg2 Bg7 6. Nc3 a6 7. a4 O-O 8. Nf3 d6 9. O-O e5 10. e4 Ne8 11. Nd2 f5 12. exf5 gxf5 13. Nb3 Nf6 14. a5 Bd7 15. Bg5 b5 16. axb6 Qxb6 17. Ra3 Be8 18. Qa1 h6 19. Bxf6 Bxf6 20. Bh3 Bg6 21. Qb1 Bg7 22. Kh1 Nd7 23. Na5 Rab8 24. Nc6 Rbe8 25. Qa1 Nb8 26. Nxb8 Rxb8 27. Rxa6 Qxb2 28. Nb5 Rxb5 29. cxb5 Qxb5 30. Rxd6 Bh5 31. Qb1 e4 32. Qxb5 1-0

[Event "British Rapidplay"]
[Site "Peterborough"]
[Date "2025.03.02"]
[Round "11.43"]
[White "Manley, Jonathan P"]
[Black "Rughani, Mahin"]
[Result "0-1"]
[WhiteElo "2090"]
[BlackElo "1907"]
[PlyCount "98"]
[EventDate "2025.03.01"]
[EventType "swiss (rapid)"]
[EventRounds "11"]
[EventCountry "ENG"]
[SourceTitle "BritBase"]
[Source "John Saunders"]
[SourceDate "2025.03.03"]
[SourceVersion "1"]
[SourceVersionDate "2025.03.03"]
[SourceQuality "2"]

1. e4 c6 2. d4 d5 3. Nc3 dxe4 4. Nxe4 Bf5 5. Ng3 Bg6 6. h4 h6 7. Nf3 Nd7 8. h5 Bh7 9. Bd3 Bxd3 10. Qxd3 e6 11. Bd2 Ngf6 12. O-O-O Be7 13. Kb1 O-O 14. Ne4 Nxe4 15. Qxe4 Nf6 16. Qe2 Qd5 17. c4 Qe4+ 18. Qxe4 Nxe4 19. Be3 Rfd8 20. Ne5 Rac8 21. g4 c5 22. f3 cxd4 23. Bxd4 Nc5 24. b3 b6 25. Bb2 Bg5 26. Kc2 Kf8 27. Bc3 a5 28. Rhf1 Bf4 29. Rfe1 Ke8 30. a3 Kf8 31. Nd3 Nxd3 32. Rxd3 Rxd3 33. Kxd3 Rd8+ 34. Ke4 Bg5 35. Bd4 f5+ 36. gxf5 exf5+ 37. Kxf5 Rxd4 38. Re6 Rf4+ 39. Ke5 Rf6 40. b4 axb4 41. axb4 Rxe6+ 42. Kxe6 Be7 43. b5 Bc5 44. f4 Bb4 45. f5 Be7 46. Kd5 Kf7 47. Ke4 Kf6 48. Kf4 Bc5 49. Kg4 Bd6 0-1

[Event "British Rapidplay"]
[Site "Peterborough"]
[Date "2025.03.02"]
[Round "11.44"]
[White "Burton, Sean"]
[Black "Hughes, Roy"]
[Result "1/2-1/2"]
[WhiteElo "1806"]
[BlackElo "2004"]
[PlyCount "126"]
[EventDate "2025.03.01"]
[EventType "swiss (rapid)"]
[EventRounds "11"]
[EventCountry "ENG"]
[SourceTitle "BritBase"]
[Source "John Saunders"]
[SourceDate "2025.03.03"]
[SourceVersion "1"]
[SourceVersionDate "2025.03.03"]
[SourceQuality "2"]

1. e4 d5 2. exd5 Qxd5 3. Nc3 Qd6 4. Nf3 Nf6 5. Bc4 c6 6. d3 Bg4 7. O-O Nbd7 8. Re1 e6 9. Qe2 Be7 10. Bb3 O-O 11. Bg5 Rfe8 12. h3 Bh5 13. Rad1 Qc7 14. d4 Bb4 15. a3 Bd6 16. Ne4 Nxe4 17. Qxe4 Bg6 18. Qh4 h6 19. Bc1 Be7 20. Qf4 Qxf4 21. Bxf4 Nf6 22. Ne5 Bh7 23. c3 Nd5 24. Bg3 Bf6 25. Nd7 Rad8 26. Nxf6+ Nxf6 27. f3 Rd7 28. Re2 Red8 29. Rde1 Kf8 30. Kf2 Nd5 31. Be5 Ne7 32. g4 a5 33. h4 b5 34. h5 a4 35. Ba2 Nd5 36. Bxd5 Rxd5 37. Bc7 Rc8 38. Bb6 Bd3 39. Re5 Bc4 40. Bc5+ Kg8 41. f4 Rxe5 42. Rxe5 f6 43. Re3 Kf7 44. Kg3 Rg8 45. Kh4 Bd5 46. Bd6 Rd8 47. Bc5 Rd7 48. Rg3 g6 49. hxg6+ Kxg6 50. Rh3 Rf7 51. Kg3 f5 52. Bd6 fxg4 53. Kxg4 h5+ 54. Kg3 Rh7 55. Be5 Kf5 56. Kh4 Ke4 57. Kg5 Rf7 58. Rxh5 Rf5+ 59. Kg4 Rxh5 60. Kxh5 Kd3 61. Kg5 Kc2 62. Bd6 Kxb2 63. Bb4 Kb3 1/2-1/2

[Event "British Rapidplay"]
[Site "Peterborough"]
[Date "2025.03.02"]
[Round "11.45"]
[White "McLachlan, Matthew"]
[Black "Liu, Jacob"]
[Result "1-0"]
[WhiteElo "1927"]
[BlackElo "1779"]
[PlyCount "89"]
[EventDate "2025.03.01"]
[EventType "swiss (rapid)"]
[EventRounds "11"]
[EventCountry "ENG"]
[SourceTitle "BritBase"]
[Source "John Saunders"]
[SourceDate "2025.03.03"]
[SourceVersion "1"]
[SourceVersionDate "2025.03.03"]
[SourceQuality "2"]

1. d4 d5 2. c4 c6 3. Nc3 Nf6 4. Nf3 e6 5. Bg5 h6 6. Bh4 Nbd7 7. e3 Be7 8. Be2 dxc4 9. Bxc4 b5 10. Be2 a6 11. O-O c5 12. Qc2 Bb7 13. Rac1 O-O 14. Rfd1 Qb6 15. a3 Rac8 16. Qb1 Rfd8 17. Qa2 Nf8 18. dxc5 Bxc5 19. a4 b4 20. a5 Qc6 21. Na4 Rxd1+ 22. Rxd1 Ba7 23. Bg3 Ng6 24. Ne1 Qe8 25. Nb6 Rd8 26. Nd3 Nd5 27. Nc5 Nxb6 28. Rxd8 Qxd8 29. Nxb7 Qd5 30. axb6 Qxa2 31. bxa7 Qxb2 32. a8=Q+ Kh7 33. Qxa6 b3 34. h4 Qc1+ 35. Kh2 b2 36. Bd3 b1=Q 37. Bxb1 Qxb1 38. Nd6 Qb4 39. Qc4 Qb6 40. Qe4 Kg8 41. Qb7 Qxb7 42. Nxb7 f5 43. Nd8 Nf8 44. Bd6 h5 45. Bxf8 1-0

[Event "British Rapidplay"]
[Site "Peterborough"]
[Date "2025.03.02"]
[Round "11.46"]
[White "Hng, Mei-En Emmanuelle"]
[Black "Cheng, Louis"]
[Result "0-1"]
[WhiteElo "2136"]
[BlackElo "2015"]
[PlyCount "92"]
[EventDate "2025.03.01"]
[EventType "swiss (rapid)"]
[EventRounds "11"]
[EventCountry "ENG"]
[SourceTitle "BritBase"]
[Source "John Saunders"]
[SourceDate "2025.03.03"]
[SourceVersion "1"]
[SourceVersionDate "2025.03.03"]
[SourceQuality "2"]

1. Nf3 Nf6 2. c4 c5 3. e3 Nc6 4. a3 g6 5. b3 Bg7 6. Bb2 O-O 7. Qc2 d6 8. Be2 Bf5 9. d3 a6 10. O-O Qd7 11. Nbd2 b5 12. e4 Bg4 13. Rfe1 e5 14. Rac1 Bh6 15. Rcd1 Nh5 16. h3 Be6 17. Nf1 Nf4 18. Bc1 f5 19. Ng3 fxe4 20. Nxe4 Bxh3 21. Bxf4 Rxf4 22. Nh2 Nd4 23. Qd2 Kg7 24. gxh3 Rxe4 25. Qb2 Rxe2 26. Rxe2 Nxe2+ 27. Qxe2 Qxh3 28. Qf3 Qxf3 29. Nxf3 Rf8 30. Kg2 Bf4 31. b4 Rc8 32. bxc5 Rxc5 33. cxb5 Rxb5 34. d4 e4 35. Nd2 d5 36. Nf1 Rb3 37. Ra1 a5 38. a4 Rb4 39. Ne3 Rxd4 40. Nc2 Rc4 41. Na3 Rxa4 42. Kf1 Bd6 43. Nc2 Rxa1+ 44. Nxa1 a4 45. Nc2 a3 46. Ke2 a2 0-1

[Event "British Rapidplay"]
[Site "Peterborough"]
[Date "2025.03.02"]
[Round "11.47"]
[White "Iyengar, Ilya"]
[Black "Shankar, Yashwardhan"]
[Result "1-0"]
[WhiteElo "1979"]
[BlackElo "1767"]
[PlyCount "133"]
[EventDate "2025.03.01"]
[EventType "swiss (rapid)"]
[EventRounds "11"]
[EventCountry "ENG"]
[SourceTitle "BritBase"]
[Source "John Saunders"]
[SourceDate "2025.03.03"]
[SourceVersion "1"]
[SourceVersionDate "2025.03.03"]
[SourceQuality "2"]

1. d4 Nf6 2. Nf3 g6 3. c4 Bg7 4. g3 d6 5. Bg2 O-O 6. O-O c6 7. Nc3 Bf5 8. Nh4 Bd7 9. b3 Na6 10. Bb2 Nc7 11. e4 e5 12. Nf3 Bg4 13. h3 Bxf3 14. Bxf3 Ne6 15. Ne2 Qc7 16. Bg2 c5 17. dxe5 dxe5 18. Nc3 Rad8 19. Nd5 Nxd5 20. exd5 Nd4 21. Qd2 Qd6 22. Rae1 b6 23. f4 f6 24. fxe5 fxe5 25. Be4 Qd7 26. Kg2 a6 27. Ba3 Qd6 28. Qe3 b5 29. h4 b4 30. Bb2 Nf5 31. Bxf5 gxf5 32. Bxe5 Qg6 33. Bxg7 Kxg7 34. Qe7+ Qf7 35. Rxf5 Qxe7 36. Rxe7+ Kg6 37. Rxf8 Rxf8 38. Re6+ Kf5 39. Rxa6 Ke4 40. Rc6 Ra8 41. Re6+ Kd4 42. Re2 Kd3 43. Rf2 h5 44. Kh3 Ke3 45. Rb2 Kf3 46. Rd2 Ke3 47. Rd1 Ke2 48. Rh1 Kf3 49. d6 Rd8 50. Rd1 Ke2 51. Rd5 Kf3 52. d7 Ke2 53. Kg2 Ke3 54. Kh3 Ke2 55. g4 hxg4+ 56. Kxg4 Ke3 57. h5 Ke4 58. h6 Rg8+ 59. Rg5 Rd8 60. h7 Rxd7 61. h8=Q Rd1 62. Qe8+ Kd3 63. Rd5+ Kc2 64. Qe2+ Kc3 65. Qxd1 Kb2 66. Rd2+ Ka3 67. Qc1# 1-0

[Event "British Rapidplay"]
[Site "Peterborough"]
[Date "2025.03.02"]
[Round "11.48"]
[White "Goh, Jinghan Cameron"]
[Black "Kumar, Sachin"]
[Result "1-0"]
[WhiteElo "2102"]
[BlackElo "1735"]
[PlyCount "93"]
[EventDate "2025.03.01"]
[EventType "swiss (rapid)"]
[EventRounds "11"]
[EventCountry "ENG"]
[SourceTitle "BritBase"]
[Source "John Saunders"]
[SourceDate "2025.03.03"]
[SourceVersion "1"]
[SourceVersionDate "2025.03.03"]
[SourceQuality "2"]

1. Nf3 d5 2. g3 g6 3. Bg2 Bg7 4. O-O c5 5. c4 Nf6 6. cxd5 Nxd5 7. Nc3 e5 8. Qb3 Nxc3 9. bxc3 O-O 10. d3 Qc7 11. Nd2 Nc6 12. Ba3 b6 13. Rac1 Bb7 14. Qc2 Rac8 15. Nc4 Rfd8 16. Rfd1 Ne7 17. Bh3 f5 18. e4 Ba6 19. Ne3 fxe4 20. Qb3+ c4 21. dxc4 Rb8 22. c5+ Kh8 23. cxb6 axb6 24. Qf7 Nd5 25. Qxc7 Nxc7 26. Bd6 Rxd6 27. Rxd6 Bd3 28. Bf1 Bxf1 29. Kxf1 Bf8 30. Rc6 Nb5 31. Rb1 Nd6 32. Rcxb6 Re8 33. Rb8 Kg7 34. Rxe8 Nxe8 35. a4 Nd6 36. a5 Nc8 37. Rb8 Ne7 38. Rb7 Kg8 39. a6 Nc6 40. Rc7 Bc5 41. Rxc6 Bxe3 42. fxe3 Kg7 43. Rc7+ Kh6 44. a7 Kg5 45. a8=Q h5 46. Qxe4 Kh6 47. h4 1-0

[Event "British Rapidplay"]
[Site "Peterborough"]
[Date "2025.03.02"]
[Round "11.51"]
[White "Mehrafarin, Amirabbas"]
[Black "Waterfield, Mark"]
[Result "0-1"]
[WhiteElo "1814"]
[BlackElo "1913"]
[PlyCount "56"]
[EventDate "2025.03.01"]
[EventType "swiss (rapid)"]
[EventRounds "11"]
[EventCountry "ENG"]
[SourceTitle "BritBase"]
[Source "John Saunders"]
[SourceDate "2025.03.03"]
[SourceVersion "1"]
[SourceVersionDate "2025.03.03"]
[SourceQuality "2"]

1. e4 e6 2. Nf3 d5 3. Nc3 dxe4 4. Nxe4 Nd7 5. d4 Ngf6 6. Ng3 c5 7. c3 Be7 8. Bd3 O-O 9. O-O b6 10. Re1 Bb7 11. Qe2 Qc7 12. Ne4 Nd5 13. Nfg5 Nf4 14. Bxf4 Qxf4 15. Nxh7 Rfd8 16. Qh5 cxd4 17. Nhg5 Bxe4 18. Nxe4 dxc3 19. Nxc3 Nf6 20. Qe2 Bc5 21. Rad1 Ng4 22. g3 Qxf2+ 23. Qxf2 Bxf2+ 24. Kf1 Bxe1 25. Kxe1 Ne5 26. Be4 Rxd1+ 27. Kxd1 Rd8+ 28. Ke2 Nc4 0-1

[Event "British Rapidplay"]
[Site "Peterborough"]
[Date "2025.03.02"]
[Round "11.52"]
[White "Sasikumar, Srivathsan"]
[Black "Bin-Suhayl, Yousuf"]
[Result "1-0"]
[WhiteElo "1868"]
[BlackElo "1897"]
[PlyCount "97"]
[EventDate "2025.03.01"]
[EventType "swiss (rapid)"]
[EventRounds "11"]
[EventCountry "ENG"]
[SourceTitle "BritBase"]
[Source "John Saunders"]
[SourceDate "2025.03.03"]
[SourceVersion "1"]
[SourceVersionDate "2025.03.03"]
[SourceQuality "2"]

1. e4 e6 2. d4 d5 3. Be3 Nf6 4. e5 Nfd7 5. f4 c5 6. c3 Nc6 7. Nf3 Be7 8. Be2 f6 9. O-O cxd4 10. cxd4 fxe5 11. fxe5 O-O 12. Nc3 a6 13. Qd2 b5 14. Rac1 Na5 15. Bd3 Nc4 16. Bxc4 bxc4 17. Ng5 Rxf1+ 18. Rxf1 Bxg5 19. Bxg5 Qe8 20. Ne2 Nf8 21. Ng3 Bd7 22. Qf2 Qg6 23. Be7 Qe8 24. Bxf8 Qxf8 25. Qxf8+ Rxf8 26. Rxf8+ Kxf8 27. Kf2 Ba4 28. Ke2 Bc2 29. Kd2 Bb1 30. a3 a5 31. Ne2 Ba2 32. Nc3 Bb3 33. Nb5 Kf7 34. Nd6+ Kg6 35. Nb7 a4 36. Nc5 Kf5 37. h3 h5 38. g4+ hxg4 39. hxg4+ Kxg4 40. Nxe6 g5 41. Ng7 Ba2 42. Kc1 c3 43. bxc3 Kf3 44. e6 Bc4 45. e7 Bb5 46. e8=Q Bxe8 47. Nxe8 g4 48. Ng7 g3 49. Nf5 1-0

[Event "British Rapidplay"]
[Site "Peterborough"]
[Date "2025.03.02"]
[Round "11.53"]
[White "Gupta, Leonardo"]
[Black "Bramson, Mike"]
[Result "1/2-1/2"]
[WhiteElo "1885"]
[BlackElo "1895"]
[PlyCount "102"]
[EventDate "2025.03.01"]
[EventType "swiss (rapid)"]
[EventRounds "11"]
[EventCountry "ENG"]
[SourceTitle "BritBase"]
[Source "John Saunders"]
[SourceDate "2025.03.03"]
[SourceVersion "1"]
[SourceVersionDate "2025.03.03"]
[SourceQuality "2"]

1. e4 e5 2. Nf3 Nc6 3. Bb5 a6 4. Ba4 d6 5. Nc3 Bd7 6. Bxc6 bxc6 7. d4 exd4 8. Nxd4 c5 9. Nf3 Nf6 10. O-O Be7 11. e5 dxe5 12. Nxe5 Bd6 13. Nxd7 Qxd7 14. Re1+ Kf8 15. h3 Rd8 16. Qf3 h6 17. Be3 Kg8 18. Rad1 Qc8 19. Qc6 Qa8 20. Qxa8 Rxa8 21. Nd5 Kh7 22. Nxf6+ gxf6 23. Rd5 Rae8 24. Red1 Re5 25. Rxd6 cxd6 26. Rxd6 Re6 27. Rd5 Re5 28. Rxc5 Rxc5 29. Bxc5 Rd8 30. Kf1 Rd2 31. Bb4 Rxc2 32. Bc3 Kg6 33. g3 Kf5 34. Kg2 a5 35. Kf3 a4 36. a3 Ke6 37. Ke3 f5 38. Bd4 Kd5 39. Kd3 Rc1 40. Be3 Rc6 41. Bf4 Rb6 42. Kc3 Ke4 43. Be3 Rb3+ 44. Kc2 h5 45. h4 f6 46. Bf4 Kf3 47. Be3 Ke2 48. Bd4 Rb5 49. Kc3 Rb3+ 50. Kc2 Rb7 51. Kc3 Rb3+ 1/2-1/2

[Event "British Rapidplay"]
[Site "Peterborough"]
[Date "2025.03.02"]
[Round "11.54"]
[White "Graff, Ben"]
[Black "Naylor-Eade, Michael A"]
[Result "1-0"]
[WhiteElo "1800"]
[BlackElo "1989"]
[PlyCount "61"]
[EventDate "2025.03.01"]
[EventType "swiss (rapid)"]
[EventRounds "11"]
[EventCountry "ENG"]
[SourceTitle "BritBase"]
[Source "John Saunders"]
[SourceDate "2025.03.03"]
[SourceVersion "1"]
[SourceVersionDate "2025.03.03"]
[SourceQuality "2"]

1. e4 e5 2. Nf3 Nc6 3. Bb5 a6 4. Ba4 Nf6 5. O-O Be7 6. Re1 d6 7. h3 b5 8. Bb3 Na5 9. c3 Nxb3 10. axb3 O-O 11. d3 c5 12. Bg5 Nd7 13. Bxe7 Qxe7 14. Nbd2 Nb6 15. Nf1 f5 16. exf5 Bxf5 17. Ne3 Bg6 18. c4 b4 19. Nh2 Qf7 20. f3 Qf4 21. Qe2 a5 22. Nhf1 Ra7 23. Nd2 Rfa8 24. Ne4 Qf8 25. Qc2 Qe7 26. Ra2 Qd7 27. Rea1 Bf7 28. Kh2 h6 29. Qf2 Nc8 30. Qg3 Ne7 31. Nf6+ 1-0

[Event "British Rapidplay"]
[Site "Peterborough"]
[Date "2025.03.02"]
[Round "11.55"]
[White "McCarthy, Kevin C"]
[Black "Patel, Keatan"]
[Result "1-0"]
[WhiteElo "1944"]
[BlackElo "1985"]
[PlyCount "113"]
[EventDate "2025.03.01"]
[EventType "swiss (rapid)"]
[EventRounds "11"]
[EventCountry "ENG"]
[SourceTitle "BritBase"]
[Source "John Saunders"]
[SourceDate "2025.03.03"]
[SourceVersion "1"]
[SourceVersionDate "2025.03.03"]
[SourceQuality "2"]

1. d4 d5 2. Nc3 Nf6 3. e4 dxe4 4. f3 exf3 5. Qxf3 g6 6. Bc4 Bg7 7. Be3 O-O 8. Nge2 c6 9. O-O-O b5 10. Bd3 Bg4 11. Qf2 Qa5 12. Kb1 Be6 13. b3 Nbd7 14. Bd2 b4 15. Ne4 Nd5 16. Qe1 c5 17. dxc5 Rfc8 18. Bc4 Nxc5 19. Bxd5 Nxe4 20. Bxb4 Qc7 21. Bxe4 Qe5 22. Nd4 Rab8 23. Bc3 Rxc3 24. Qxc3 Qxe4 25. Rhe1 Qh4 26. Qg3 Qxg3 27. hxg3 Bg4 28. Nf3 Bf6 29. Rd5 Be6 30. Ra5 Bc3 31. Rxa7 Bxe1 32. Nxe1 Rd8 33. Nf3 Rd1+ 34. Kb2 Bd5 35. Rxe7 Rf1 36. Re3 h5 37. a4 Bxf3 38. gxf3 g5 39. a5 h4 40. gxh4 gxh4 41. Re4 h3 42. Rg4+ Kf8 43. Rh4 Rxf3 44. b4 Ke7 45. a6 Rf6 46. b5 Rb6 47. c4 Kd6 48. Kc3 Kc7 49. Rxh3 Rf6 50. Kb4 Kb8 51. Re3 Rf1 52. b6 Rb1+ 53. Kc5 Kc8 54. Kc6 Kd8 55. a7 Ra1 56. b7 Ra6+ 57. Kb5 1-0

[Event "British Rapidplay"]
[Site "Peterborough"]
[Date "2025.03.02"]
[Round "11.56"]
[White "Lee, Yuk Hei"]
[Black "Taylor, Robert Keith"]
[Result "1/2-1/2"]
[WhiteElo "1877"]
[BlackElo "1896"]
[PlyCount "215"]
[EventDate "2025.03.01"]
[EventType "swiss (rapid)"]
[EventRounds "11"]
[EventCountry "ENG"]
[SourceTitle "BritBase"]
[Source "John Saunders"]
[SourceDate "2025.03.03"]
[SourceVersion "1"]
[SourceVersionDate "2025.03.03"]
[SourceQuality "2"]

1. e4 e5 2. Nf3 Nc6 3. Bc4 Nf6 4. d3 Be7 5. h3 O-O 6. O-O d5 7. exd5 Nxd5 8. Re1 Bf6 9. Nbd2 Nf4 10. Ne4 Be7 11. Bxf4 exf4 12. Qd2 Be6 13. Qxf4 Bxc4 14. dxc4 a6 15. Rad1 Qc8 16. a3 a5 17. Ne5 Nxe5 18. Qxe5 Re8 19. Qd5 Rd8 20. Qe5 Re8 21. Qf4 Ra6 22. Ng3 Rc6 23. Nf5 Bf6 24. c3 b6 25. Ne3 Rce6 26. Nc2 Be5 27. Qf3 h6 28. Kh1 Bd6 29. Rxe6 Qxe6 30. Ne3 a4 31. Qd5 Qe7 32. g3 Bc5 33. Rd3 Qf6 34. Kg2 g6 35. Qf3 Qxf3+ 36. Kxf3 Kf8 37. Ng4 Re1 38. Nf6 Rc1 39. Nd5 Rc2 40. Nxc7 Rxb2 41. Ke4 Rxf2 42. Kd5 Rf6 43. Nb5 h5 44. Ke4 Rf2 45. Rd8+ Kg7 46. Ra8 h4 47. gxh4 Rh2 48. Kf3 Rxh3+ 49. Kg4 Rd3 50. Rxa4 Kh6 51. Ra7 Be3 52. Rxf7 Bd2 53. Rf3 Rd8 54. Rf6 Re8 55. Rd6 Be1 56. Kf3 Bxh4 57. Rxb6 Rc8 58. Nd6 Rc7 59. Ke3 Bd8 60. Ra6 Kh5 61. Kd4 g5 62. Ne4 g4 63. Rd6 Be7 64. Rd5+ Kh4 65. a4 g3 66. Nxg3 Bf6+ 67. Kd3 Kxg3 68. a5 Kf4 69. c5 Be5 70. Kc4 Ke4 71. Rd1 Rc8 72. a6 Bb8 73. Re1+ Kf5 74. Rd1 Ke6 75. Rh1 Ba7 76. Rh6+ Ke5 77. Rh5+ Ke6 78. Kb5 Rc7 79. c4 Kd7 80. Rd5+ Kc8 81. Rh5 Kd7 82. c6+ Kd6 83. Rh6+ Ke7 84. c5 Kd8 85. Rd6+ Kc8 86. Rd1 Rf7 87. Rh1 Re7 88. Rh5 Rg7 89. Rh8+ Kc7 90. Ra8 Bxc5 91. Kxc5 Rg5+ 92. Kb4 Kxc6 93. Rb8 Rg7 94. Ka5 Rg5+ 95. Ka4 Rg7 96. Rb4 Rh7 97. Ka5 Rh5+ 98. Ka4 Rh7 99. Rb1 Rh4+ 100. Ka5 Rh5+ 101. Ka4 Rh4+ 102. Ka3 Rh3+ 103. Ka2 Rh5 104. Rg1 Ra5+ 105. Kb3 Rxa6 106. Rg6+ Kb7 107. Rg7+ Kc6 108. Kb4 1/2-1/2

[Event "British Rapidplay"]
[Site "Peterborough"]
[Date "2025.03.02"]
[Round "11.57"]
[White "Calvert, George"]
[Black "Fairhurst, Frederick"]
[Result "0-1"]
[WhiteElo "1740"]
[BlackElo "1798"]
[PlyCount "144"]
[EventDate "2025.03.01"]
[EventType "swiss (rapid)"]
[EventRounds "11"]
[EventCountry "ENG"]
[SourceTitle "BritBase"]
[Source "John Saunders"]
[SourceDate "2025.03.03"]
[SourceVersion "1"]
[SourceVersionDate "2025.03.03"]
[SourceQuality "2"]

1. e4 e5 2. Nf3 Nc6 3. d4 exd4 4. Nxd4 Qh4 5. Nc3 Bb4 6. Qd3 Nf6 7. Nf5 Qxe4+ 8. Be2 Qxd3 9. Bxd3 O-O 10. O-O Ne5 11. Bf4 Nxd3 12. cxd3 d6 13. Ne7+ Kh8 14. Ncd5 Nxd5 15. Nxd5 Ba5 16. b4 Bb6 17. a4 Be6 18. Nxb6 axb6 19. Rfc1 Rac8 20. Rc3 Rfd8 21. a5 bxa5 22. Rxa5 f6 23. Ra7 g5 24. Bg3 Ra8 25. Rxa8 Rxa8 26. h4 c6 27. hxg5 fxg5 28. Bxd6 Bd5 29. d4 Kg7 30. Rg3 h6 31. f4 Ra1+ 32. Kh2 Kf6 33. Bc7 gxf4 34. Bxf4 Rb1 35. Be5+ Kf5 36. Bd6 Rb2 37. Kh3 Ke4 38. Bf8 Rb1 39. Rg4+ Kd3 40. Kg3 Rg1 41. Kf2 Rb1 42. Kg3 Rb2 43. Kh2 Kc4 44. Bc5 Rd2 45. Rg7 b5 46. Kh3 Rd1 47. g3 Bf3 48. g4 Rg1 49. Kh2 Rg2+ 50. Kh3 h5 51. g5 Rg1 52. Rg8 Bd5 53. Rg7 Rh1+ 54. Kg3 h4+ 55. Kg4 h3 56. Rh7 h2 57. Kg3 Rg1+ 58. Kxh2 Rh1+ 59. Kg3 Rxh7 60. Kf4 Rh1 61. Ke5 Rb1 62. Kf4 Rxb4 63. Bxb4 Kxb4 64. Ke3 Kc3 65. g6 b4 66. g7 b3 67. Kf4 b2 68. Kg5 b1=Q 69. Kh6 Qh1+ 70. Kg6 Qg2+ 71. Kh7 Bf7 72. d5 Qh2# 0-1

[Event "British Rapidplay"]
[Site "Peterborough"]
[Date "2025.03.02"]
[Round "11.58"]
[White "Bowers, Francis J"]
[Black "Beswick, Andrew"]
[Result "1-0"]
[WhiteElo "1820"]
[BlackElo "1560"]
[PlyCount "83"]
[EventDate "2025.03.01"]
[EventType "swiss (rapid)"]
[EventRounds "11"]
[EventCountry "ENG"]
[SourceTitle "BritBase"]
[Source "John Saunders"]
[SourceDate "2025.03.03"]
[SourceVersion "1"]
[SourceVersionDate "2025.03.03"]
[SourceQuality "2"]

1. e4 e5 2. Nf3 Nc6 3. Bb5 a6 4. Ba4 Nf6 5. O-O Nxe4 6. Re1 Nc5 7. Nxe5 Nxe5 8. Rxe5+ Ne6 9. d4 Bd6 10. Bg5 Be7 11. Bxe7 Qxe7 12. d5 Qd6 13. Re1 O-O 14. dxe6 dxe6 15. Qxd6 cxd6 16. Nc3 b5 17. Bb3 Bb7 18. Rad1 d5 19. f4 Rac8 20. f5 b4 21. Ne2 e5 22. Ng3 Rfe8 23. Bxd5 Bxd5 24. Rxd5 Rxc2 25. Rdxe5 Rxe5 26. Rxe5 Kf8 27. Re2 Rc4 28. Kf2 f6 29. Ne4 Rc6 30. Nd2 Rc2 31. Nb3 Rc4 32. g3 Kf7 33. Kf3 h5 34. h3 Rc6 35. Nd4 Rb6 36. Re6 Rb7 37. Rxa6 Rd7 38. Ke4 g6 39. fxg6+ Kxg6 40. Rb6 Re7+ 41. Kf4 Rd7 42. Rxb4 1-0